| 000 | 00658nam a2200193 i 4500 | ||
|---|---|---|---|
| 001 | 122726 | ||
| 003 | ES-MaACL | ||
| 005 | 20250809035219.0 | ||
| 007 | t| | ||
| 008 | 070214s1950 sp r ||||1| spa d | ||
| 100 | 1 |
_aPuig Peña, Federico. _994273 |
|
| 245 | 1 | 0 |
_aDerecho Penal _b: contestaciones a los programas de las oposiciones a la judicatura y al magisterio fiscal / _cFederico Puig Peña. |
| 250 | _a2ª. ed. refundida y notablemente mejorada. | ||
| 260 |
_aBarcelona : _bLicili, _c1950. |
||
| 300 |
_a2 v. ; _c23 cm. |
||
| 650 | 0 | 4 |
_aDerecho penal- _zEspaña _911752 |
| 852 |
_aES-MaACL _jE-1607-8 _bR.30160 |
||
| 999 |
_c122726 _d122726 |
||